| 000 | 00918nam a2200241 a 4500 | ||
|---|---|---|---|
| 001 | 000017518 | ||
| 003 | DO-SdBNP | ||
| 005 | 20211206114324.0 | ||
| 008 | 100326s1990 dr a r 000 0 spa d | ||
| 040 |
_aDO-SdBNP _bspa _cBNPHU |
||
| 082 | 4 |
_a972.9375 _bS321s _222 |
|
| 100 | 1 |
_aScheker Ortiz, Luis _99515 |
|
| 245 | 1 | 0 |
_aSan Carlos : _bestampas del ayer / _cLuis Scheker Ortiz. |
| 246 | 1 | 0 | _aEstampas, San Carlos ayer |
| 260 |
_aSanto Domingo : _bComisión Nacional de la Feria del Libro, _c1990. |
||
| 300 |
_a108 p. : _bil. ; _c21 cm. |
||
| 590 | _aInventariado, 2018/BT | ||
| 651 | 4 |
_aSan Carlos (Santo Domingo, República Dominicana) _xAnécdotas _980819 |
|
| 651 | 4 |
_aSan Carlos (Santo Domingo, República Dominicana) _938258 _vBiografías |
|
| 651 | 4 |
_aSan Carlos (Santo Domingo, República Dominicana) _xCaricaturas, sátiras, etc. _938259 |
|
| 910 | _aValidado. Control de calidad. MFF | ||
| 942 |
_2ddc _cLBS1 |
||
| 999 |
_c17043 _d17043 |
||